000
00313nam a2200133Ia 4500
005
20251222144820.0
008
251222s9999||||xx |||||||||||||| ||spa||
020
_a
950-06-2307-2
082
_a
616.89/V63
100
_a
Vidal, Guillermo
245
0
_a
PsiquiatrÃa
264
_b
Médica Panamericana
942
_c
LIB
999
_c
20434
_d
20434